| 000 | 00452nam a22001937a 4500 | ||
|---|---|---|---|
| 003 | MPLRDC | ||
| 005 | 20220104142829.0 | ||
| 008 | 210129b ||||| |||| 00| 0 eng d | ||
| 020 | _a957-9159-87-4 | ||
| 082 | _a848.2 AY v.2 c.2 | ||
| 100 | _a爱亚著 | ||
| 245 |
_a曾经 _c |
||
| 250 | _a初版 | ||
| 260 |
_a _b尔雅出版社 _c1985 |
||
| 300 | _b平 | ||
| 490 | _a尔雅丛书;171 | ||
| 650 | _a现代别集 | ||
| 942 |
_cBK _o848.2 AY v.2 c.2 |
||
| 999 |
_c34064 _d34054 |
||